| 000 | 00416nam a2200157 a 4500 | ||
|---|---|---|---|
| 005 | 20140412111223.0 | ||
| 008 | 091205s19uu xx 00 eng d | ||
| 020 | _a0-545-00389-x | ||
| 050 |
_aTR(PS E _bMy99 2007 |
||
| 100 | _aParker, David | ||
| 245 |
_aMy Best friend is moving / _cDavid Parker. |
||
| 260 |
_aU.S.A : _bScholastic, _c2007. |
||
| 300 | _aunp. | ||
| 440 | _aThe Best me I can be | ||
| 999 |
_c101978 _d101978 |
||